00402 a2200121 4500001001000000005001700010008004100027245007700068100003200145700001900177773006700196999001700263ART_1097120260410161849.0260409a 10aUn análisis de las propiedades dinámicas del tipo de cambio flexible1 aRodríguez, Carlos Alfredo1 aFrenkel, Jacob0 tEconómicag- Año XXVIII, Nº 1/2 (ene./ago. 1982)wREV7541 c24814d24814